书目信息 |
| 题名: |
电学
|
|
| 作者: | 凌德洪 编 | |
| 分册: | 上册 | |
| 出版信息: | 上海 上海科学技术出版社 1981.9 |
|
| 页数: | 354页 | |
| 开本: | 20cm | |
| 丛书名: | 大学基础物理自学丛书 | |
| 单 册: | ||
| 中图分类: | O441.1 | |
| 科图分类: | ||
| 主题词: | 电磁学 , 电动力学 | |
| 电子资源: | ||
| ISBN: | ||
| 000 | 00584nam0 2200217 45 | |
| 001 | 0312221749 | |
| 005 | 20060517155415.68 | |
| 010 | @dCNY1.55 | |
| 100 | @a20031222d1981 km y0chiy0120 ea | |
| 101 | @achi | |
| 200 | 1 | @a电学@ADian Xue@h上册@f凌德洪等编@FLing De Hong Deng Bian |
| 210 | @a上海@c上海科学技术出版社@d1981.9 | |
| 215 | @a354页@d20cm | |
| 225 | 2 | @a大学基础物理自学丛书 |
| 410 | 0 | @12001 @a大学基础物理自学丛书 |
| 606 | 0 | @a电磁学 |
| 606 | 0 | @a电动力学 |
| 690 | @aO441.1@v3 | |
| 701 | 0 | @a凌德洪@4编 |
| 801 | @aCN@bTSTCL@c20060517 | |
| 905 | @dO441.1@e31:1@f1@b148889 | |
| 电学.上册/凌德洪等编.-上海:上海科学技术出版社,1981.9 |
| 354页;20cm.-(大学基础物理自学丛书) |
| ISBN :CNY1.55 |
| ● |
| 相关链接 |
|
|
|
|
正题名:电学
索取号:O441.1/31:1
 
预约/预借
| 序号 | 登录号 | 条形码 | 馆藏地/架位号 | 状态 | 备注 |
| 1 | 0148870 | 001457596 | 第三借阅区/ [索取号:O441.1/31:1] | 在馆 | |
| 2 | 0148871 | 202345970 | 密集书库/ [索取号:O441.1/31:1] | 在馆 | |
| 3 | 0148889 | 001937612 | 第三借阅区/ [索取号:O441.1/31:1] | 在馆 |